zpět

Detail výsledku týmu

Triple Bar, Přelouč

Datum a čas kvízu

13.5 Celkem bodů Celkový počet nahraných bodů na tomto kvízu bez doplňovacích otázek.
11. Pořadí na kvízu Konečné umístění týmu na tomto kvízu.

Zaznamenané odpovědi

# Otázka Odpověď Body Výsledky
1. Na české území se po více než... Jan Žižka 0
2. Radní nizozemského města Haag... C) reklama na cokoli související s fosilními palivy 1
3. Který zpěvák si v utajení vzal... Richard Müller 0
4. „Končíme s homeoffice,“ dozvěd... Amazon 0
5. Švýcarská tenistka se slovensk... Belinda Bencic 0
6. Evropský den jazyků se slaví k... 1B 2D 3A 4C 0
7. Kašubština patří mezi jazyky: C 0
8. Stříška nad písmenem, zvaná té... pět (tedy všechny) 0
9. Přejdeme k literatuře. Doplňte... Ivana 0
10. Kterým slovem na pět písmen se... Banát 0